Online
Catalog

Tinieblas de un escritor enamorado / (Record no. 6140)

MARC details
000 -CABECERA
campo de control de longitud fija 01148cam a2200241 a 4500
001 - NÚMERO DE CONTROL
campo de control 000006345
005 - FECHA Y HORA DE LA ÚLTIMA TRANSACCIÓN
campo de control 20200929153923.0
008 - DATOS DE LONGITUD FIJA--INFORMACIÓN GENERAL
campo de control de longitud fija 961003s1995 ck 000 0 spa d
010 ## - NÚMERO DE CONTROL DE LA BIBLIOTECA DEL CONGRESO
Número de control de LC 96205222
035 ## - NÚMERO DE CONTROL DEL SISTEMA
Número de control de sistema (DLC) 96205222
040 ## - FUENTE DE LA CATALOGACIÓN
Centro catalogador/agencia de origen DO-SdBNP
Lengua de catalogación BNPHU
Centro/agencia transcriptor DLC
082 ## - NÚMERO DE LA CLASIFICACIÓN DECIMAL DEWEY
Número de clasificación A863.44
Número de documento/Ítem R875t
049 ## - FONDOS LOCALES (OCLC)
Fondos de biblioteca BNGR
100 1# - ENTRADA PRINCIPAL--NOMBRE DE PERSONA
Nombre de persona Rovner, Eduardo,
Fechas asociadas al nombre 1942-
9 (RLIN) 17669
245 10 - MENCIÓN DE TÍTULO
Título Tinieblas de un escritor enamorado /
Mención de responsabilidad, etc. Eduardo Rovner.
260 ## - PUBLICACIÓN, DISTRIBUCIÓN, ETC.
Lugar de publicación, distribución, etc. Bogota :
Nombre del editor, distribuidor, etc. Colcultura,
Fecha de publicación, distribución, etc. 1995.
300 ## - DESCRIPCIÓN FÍSICA
Extensión 61 p. ;
Dimensiones 22 cm.
490 0# - MENCIÓN DE SERIE
Mención de serie Gestus. Separata dramaturgica
520 1# - SUMARIO, ETC.
Sumario, etc. "Entre las obras del autor, esta es una de las mejores. Un hombre viaja al mas alla en busca de su amada. Este motivo argumental basico se entronca con los origenes de la imagineria occidental, con el mito griego de Orfeo y Euridice, por ejemplo. Pero si bien hay una intertextualidad lejana, el lenguaje metaforico y polisemico alude igualmente a momentos recientes de la historia argentina"--Handbook of Latin American Studies, v. 58.
Identificador Uniforme del Recurso <a href="http://www.loc.gov/hlas/">http://www.loc.gov/hlas/</a>
650 #4 - PUNTO DE ACCESO ADICIONAL DE MATERIA--TÉRMINO DE MATERIA
Término de materia o nombre geográfico como elemento de entrada Teatro argentino
9 (RLIN) 4843
650 #4 - PUNTO DE ACCESO ADICIONAL DE MATERIA--TÉRMINO DE MATERIA
Término de materia o nombre geográfico como elemento de entrada Literatura argentina
9 (RLIN) 3860
910 ## - DATOS DE OPCIÓN DEL USUARIO (OCLC)
Datos de opción del usuario Catalogación por copia / LC
Holdings
Estado de retiro Estado de pérdida Restricciones de uso No para préstamo Código de colección Localización permanente Ubicación/localización actual Ubicación en estantería Fecha de adquisición Número de inventario Total de préstamos Signatura topográfica completa Código de barras Fecha visto por última vez Precio válido a partir de Tipo de ítem Koha
    Préstamo interno   Monografías: Libros y Folletos General General En catalogación 27.08.2009 LF1   A863.44 R875t 6345-10 25.06.2020 25.06.2020 Préstamo interno

Powered by Koha